Tìm lại chính mình = Return to the reality of self
Cuốn sách là những bài giảng của hòa thượng Thích Thánh Nghiêm - một trong những vị sư có ảnh hưởng nhất tại Đài Loan hiện nay. Sách được xuất bản với mong muốn mỗi chúng ta đều có thể trợ thành những con người trí tuệ, trưởng thành,...
Αποθηκεύτηκε σε:
| Κύριος συγγραφέας: | |
|---|---|
| Άλλοι συγγραφείς: | |
| Μορφή: | Βιβλίο |
| Γλώσσα: | Vietnamese |
| Έκδοση: |
H.
Lao động
2016
|
| Έκδοση: | Tái bản lần 8 |
| Σειρά: | Bộ sách Phật pháp ứng dụng
|
| Θέματα: | |
| Ετικέτες: |
Προσθήκη ετικέτας
Δεν υπάρχουν, Καταχωρήστε ετικέτα πρώτοι!
|
| Thư viện lưu trữ: | Thư viện Trường Đại học Nam Cần Thơ |
|---|
| LEADER | 01517nam a22002297a 4500 | ||
|---|---|---|---|
| 001 | NCT_70854 | ||
| 008 | 190923b xxu||||| |||| 00| 0 vie d | ||
| 999 | |c 3447 |d 3447 | ||
| 020 | |a 9786045958001 |c 44000 | ||
| 082 | 0 | 4 | |2 23rd ed. |a 895.922803 |b Ngh304 |
| 100 | 1 | |a Thích Thánh Nghiêm | |
| 245 | 1 | 0 | |a Tìm lại chính mình = |b Return to the reality of self |c Thích Thánh Nghiêm ; Thích Quang Định (dịch) |
| 250 | |a Tái bản lần 8 | ||
| 260 | |a H. |b Lao động |c 2016 | ||
| 300 | |a 178 tr. |c 20cm | ||
| 490 | 0 | |a Bộ sách Phật pháp ứng dụng | |
| 520 | 3 | |a Cuốn sách là những bài giảng của hòa thượng Thích Thánh Nghiêm - một trong những vị sư có ảnh hưởng nhất tại Đài Loan hiện nay. Sách được xuất bản với mong muốn mỗi chúng ta đều có thể trợ thành những con người trí tuệ, trưởng thành, biết cảm thông với người khác và biết cống hiến một phần sức lực và hiểu biết của mình cho xã hội, góp phần làm xã hội ấy tốt đẹp hơn. | |
| 653 | |a Sách tham khảo | ||
| 700 | |a Thích Quang Định |e Dịch | ||
| 942 | |2 ddc |c BK | ||
| 952 | |0 0 |1 0 |2 ddc |4 0 |6 895_922803000000000_NGH304 |7 0 |9 17995 |a 000001 |b 000001 |d 2019-09-23 |o 895.922803 Ngh304 |p TK.00469 |r 2019-09-23 |v 44000.00 |w 2019-09-23 |y BK | ||
| 980 | |a Thư viện Trường Đại học Nam Cần Thơ | ||


